书目信息 |
| 题名: |
禁宫画像
|
|
| 作者: | 野莽 著 | |
| 分册: | ||
| 出版信息: | 北京 中国文学出版社 2000 |
|
| 页数: | 333页 | |
| 开本: | 20cm | |
| 丛书名: | 文化之旅丛书 | |
| 单 册: | ||
| 中图分类: | K252.06 , I252.06 | |
| 科图分类: | ||
| 主题词: | 宫廷--中国--清后期--史料 , 宫廷 , 报告文学--中国 , 传记文学--中国 | |
| 电子资源: | ||
| ISBN: | 7-5071-0541-5 | |
| 000 | 01159oam2 2200325 45 | |
| 001 | 012001003877 | |
| 005 | 20070105154906.93 | |
| 010 | @a7-5071-0541-5@dCNY20.00 | |
| 035 | @a(011001)c2001001752 | |
| 092 | @aCN@b498700 | |
| 100 | @a20010118d2000 em y0chiy0110 ea | |
| 101 | 0 | @achi |
| 102 | @aCN@b110000 | |
| 105 | @aa z 000yd | |
| 200 | 1 | @a禁宫画像@9jin gong hua xiang@e美国女画家卡尔宫廷闻见录@f野莽著 |
| 210 | @a北京@c中国文学出版社@d2000 | |
| 215 | @a333页@c照片@d20cm | |
| 225 | 2 | @a文化之旅丛书 |
| 330 | @a二十世纪初叶(公元1903年),留学法国巴黎的两位中国贵族少女向慈禧太后引荐了一位名叫卡尔的美国女画家,慈禧太后通过美国驻华使馆的康格尔夫人,邀请卡尔来华为其画像。本书即以此为主线,利用卡尔小姐留宫画像之余,撩开了宫廷之中人所不知的神秘帷幕。 | |
| 461 | 0 | @12001 @a文化之旅丛书 |
| 517 | 1 | @a美国女画家卡尔宫廷闻见录@9mei guo nv hua jia ka er gong ting wen jian lu |
| 606 | 0 | @a宫廷@y中国@z清后期@j史料 |
| 606 | 0 | @a宫廷 |
| 606 | 0 | @a报告文学@x中国 |
| 606 | 0 | @a传记文学@x中国 |
| 690 | @aK252.06@v4 | |
| 690 | @aI252.06@v3 | |
| 701 | 0 | @a野莽@9ye mang@4著 |
| 801 | 0 | @aCN@bNLC@c20070105 |
| 905 | @a10447@dI252.06@e665 | |
| 禁宫画像:美国女画家卡尔宫廷闻见录/野莽著.-北京:中国文学出版社,2000 |
| 333页:照片;20cm.-(文化之旅丛书) |
| ISBN 7-5071-0541-5:CNY20.00 |
| 二十世纪初叶(公元1903年),留学法国巴黎的两位中国贵族少女向慈禧太后引荐了一位名叫卡尔的美国女画家,慈禧太后通过美国驻华使馆的康格尔夫人,邀请卡尔来华为其画像。本书即以此为主线,利用卡尔小姐留宫画像之余,撩开了宫廷之中人所不知的神秘帷幕。 |
| ● |
| 相关链接 |
|
|
|
|
正题名:禁宫画像
索取号:I252.06/665
 
预约/预借
| 序号 | 登录号 | 条形码 | 馆藏地/架位号 | 状态 | 备注 |
| 1 | 0552528 | 205525289 | 第一样本阅览室/ [索取号:I252.06/665] | 在馆 | |
| 2 | 0552529 | 205525298 | 第二借阅区/ [索取号:I252.06/665] | 在馆 | |
| 3 | 0552530 | 205525305 | 第二借阅区/ [索取号:I252.06/665] | 在馆 | |
| 4 | 0552531 | 205525314 | 第二借阅区/ [索取号:I252.06/665] | 在馆 | |
| 5 | 0552532 | 205525323 | 第二借阅区/ [索取号:I252.06/665] | 在馆 |